| 000 | 00463cam a2200169 a 4500 | ||
|---|---|---|---|
| 020 | _a0304340154 | ||
| 040 | _cDLC | ||
| 082 | 0 | 0 | _a423 CAS 1990 A022 Or. |
| 100 | 1 | _aFirnberg, david. | |
| 245 | 1 | 4 | _aThe Cassell spelling dictionary / |
| 250 | _aNew and expanded ed. | ||
| 260 |
_aLondon : _bCassell ; _aNew York, N.Y. : _bDistributed by Sterling Pub., _c1990. |
||
| 300 |
_a278 p. ; _c20 cm. |
||
| 650 | 0 | _aSpellers. | |
| 650 | 0 | _aEnglish language | |
| 942 | _cEK | ||
| 999 |
_c12737 _d12737 |
||